000 00320nam a22001457a 4500
008 190129b xxu||||| |||| 00| 0 eng d
020 _a9780471794486
041 _aeng
080 _a338
082 _23 rd
_a338
100 _a53
101 _aMEN
245 _aOperations Management
_cDanreid.R
942 _2udc
_cBK
999 _c53869
_d53869